Relations between Japan and the United States since 1945 with special reference to the peace treaty and the security pact (Record no. 19065)

MARC details
000 -LEADER
fixed length control field 00531nam a2200157Ia 4500
082 ## - DEWEY DECIMAL CLASSIFICATION NUMBER
Classification number TA.0076
100 ## - MAIN ENTRY--AUTHOR NAME
Personal name Amravati, Mallappa
245 #0 - TITLE STATEMENT
Title Relations between Japan and the United States since 1945 with special reference to the peace treaty and the security pact
260 ## - PUBLICATION, DISTRIBUTION, ETC. (IMPRINT)
Year of publication 1969
Name of publisher Jawaharlal Nehru University, New Delhi
300 ## - PHYSICAL DESCRIPTION
Number of Pages 391
650 ## - SUBJECT ADDED ENTRY--TOPICAL TERM
Topical Term Japan
Form subdivision Foreign relations
-- United States
650 ## - SUBJECT ADDED ENTRY--TOPICAL TERM
Topical Term United States
Form subdivision Foreign relations
-- Japan
650 ## - SUBJECT ADDED ENTRY--TOPICAL TERM
Topical Term Peace treaties
710 ## - ADDED ENTRY--CORPORATE NAME
Corporate name or jurisdiction name as entry element Murthy, P.A.N.
942 ## - ADDED ENTRY ELEMENTS (KOHA)
Koha item type Thesis
Source of classification or shelving scheme Dewey Decimal Classification
Holdings
Withdrawn status Lost status Damaged status Not for loan Home library Current library Date acquired Full call number Accession Number Price effective from Koha item type
        NASSDOC Library NASSDOC Library 08/10/2004 TA.0076 247 18/04/2019 Thesis